[Event "GER-ch Net blitz sf"]
[Site "Playchess.com INT"]
[Date "2021.06.05"]
[Round "4"]
[White "Schulze, Marc Andre"]
[Black "Serbu, Eli"]
[Result "1-0"]
[WhiteElo "2123"]
[BlackElo "2401"]
[PlyCount "83"]
[EventDate "2021.06.05"]
[EventType "swiss (blitz)"]
[EventRounds "13"]
[EventCountry "GER"]
[SourceTitle "EXT 2023"]
[Source "ChessBase"]
[SourceDate "2022.10.05"]
[SourceVersion "1"]
[SourceVersionDate "2022.10.05"]
[SourceQuality "1"]

1. d4 Nf6 2. Bf4 g6 3. e3 Bg7 4. Nf3 0-0 5. h3 d5 6. Be2 c5 7. c3 Nc6 8. Nbd2 cxd4 9. exd4 Ne4 10. 0-0 Re8 11. Re1 Kh8 12. Nxe4 dxe4 13. Ng5 Qd5 14. Qa4 Qf5 15. Bd2 h6 16. Bg4 Qd5 17. Bxc8 Raxc8 18. Nxe4 e5 19. dxe5 Nxe5 20. Bf4 Nd3 21. Rad1 b5 22. Qa6 Rc6 23. Qb7 Rxe4 24. Rxe4 Qxe4 25. Rxd3 Qe1+ 26. Kh2 Rf6 27. Bg3 Kh7 28. Qxb5 Rf5 29. Qd7 h5 30. h4 Qe4 31. Re3 Qg4 32. Qxa7 Qd1 33. Qb7 Qc2 34. Rf3 Rxf3 35. Qxf3 f6 36. b3 f5 37. c4 Qxa2 38. c5 Qc2 39. c6 Bf6 40. c7 Qc1 41. Qb7 f4 42. c8Q+ 1-0

[Event "GER-ch Net blitz qual3"]
[Site "Playchess.com INT"]
[Date "2021.05.07"]
[Round "4"]
[White "Serbu, Eli"]
[Black "Marcziter, Dmitrii"]
[Result "0-1"]
[WhiteElo "2333"]
[BlackElo "2039"]
[PlyCount "32"]
[EventDate "2021.05.07"]
[EventType "swiss (blitz)"]
[EventRounds "11"]
[EventCountry "GER"]
[SourceTitle "CBM 202 Extra"]
[Source "ChessBase"]
[SourceDate "2021.07.31"]
[SourceVersion "1"]
[SourceVersionDate "2021.07.31"]
[SourceQuality "1"]

1. e4 c5 2. c3 d5 3. exd5 Qxd5 4. d4 Nf6 5. Nf3 Bg4 6. Qa4+ Bd7 7. Qb3 cxd4 8. Bc4 Qe4+ 9. Kf1 e6 10. cxd4 Nc6 11. Nc3 Qg4 12. h3 Qh5 13. Nb5 Rc8 14. Bf4 Na5 15. Qa4 Rxc4 16. Qxa5 Qxb5 0-1

[Event "GER-ch Net blitz qual2"]
[Site "Playchess.com INT"]
[Date "2021.05.04"]
[Round "7"]
[White "Blum, Frederik"]
[Black "Serbu, Eli"]
[Result "0-1"]
[WhiteElo "1903"]
[BlackElo "2406"]
[PlyCount "136"]
[EventDate "2021.05.04"]
[EventType "swiss (blitz)"]
[EventRounds "11"]
[EventCountry "GER"]
[SourceTitle "CBM 202 Extra"]
[Source "ChessBase"]
[SourceDate "2021.07.31"]
[SourceVersion "1"]
[SourceVersionDate "2021.07.31"]
[SourceQuality "1"]

1. e4 c5 2. Nf3 e6 3. d4 cxd4 4. Nxd4 Nc6 5. Nc3 Qc7 6. f4 a6 7. Nxc6 bxc6 8. Bd3 d6 9. 0-0 Nf6 10. Kh1 e5 11. f5 Be7 12. Qf3 Bd7 13. Qg3 Kf8 14. Qf3 h5 15. b3 Qb6 16. a4 Rd8 17. a5 Qc5 18. Bxa6 Ra8 19. Be2 Rxa5 20. Rxa5 Qxa5 21. Bb2 Qb6 22. Ra1 g6 23. fxg6 fxg6 24. h3 Kg7 25. Bc1 Bg4 26. Qd3 Bxe2 27. Nxe2 Ng4 28. Qa6 Nf2+ 29. Kh2 Qxa6 30. Rxa6 Nxe4 31. Rxc6 Kf7 32. Rc7 Ke6 33. Ng3 Nxg3 34. Kxg3 Rf8 35. Be3 Rf1 36. Rc3 d5 37. Rd3 d4 38. Bd2 Kd5 39. Rf3 Rd1 40. Rf2 e4 41. Ba5 g5 42. Rf7 Bd6+ 43. Kf2 d3 44. cxd3 exd3 45. Rf5+ Ke4 46. Rxg5 h4 47. Rg4+ Kd5 48. Rxh4 Rb1 49. Rh5+ Kd4 50. Rh6 Bc5 51. b4 Ba7 52. Rd6+ Ke4+ 53. Kg3 Bd4 54. b5 Be5+ 55. Kf2 Bxd6 56. Bd2 Rb2 57. Ke1 Bg3+ 58. Kd1 Kd5 59. Bc1 Rxg2 60. b6 Kc6 61. h4 Bxh4 62. Be3 Bf2 63. Bd2 Bxb6 64. Be1 Bd4 65. Kc1 Kd5 66. Kd1 Kc4 67. Kc1 Bc3 68. Kd1 Rg1 0-1

[Event "Oberliga Ost-B 1516"]
[Site "Germany"]
[Date "2016.02.20"]
[Round "9.6"]
[White "Humburg, Philipp"]
[Black "Serbu, Eli"]
[Result "0-1"]
[WhiteElo "2186"]
[BlackElo "2121"]
[PlyCount "70"]
[EventDate "2015.09.20"]
[EventType "team-tourn"]
[EventRounds "11"]
[EventCountry "GER"]
[SourceTitle "EXT 2017"]
[Source "ChessBase"]
[SourceDate "2016.10.25"]
[SourceVersion "1"]
[SourceVersionDate "2016.10.25"]
[SourceQuality "1"]
[WhiteTeam "Kassel"]
[BlackTeam "Wiesbaden"]
[WhiteTeamCountry "GER"]
[BlackTeamCountry "GER"]

1. c4 Nf6 2. Nc3 d5 3. d4 g6 4. Nf3 Bg7 5. cxd5 Nxd5 6. e4 Nxc3 7. bxc3 0-0 8. Rb1 c5 9. Be2 Nd7 10. 0-0 Nf6 11. Qc2 Qc7 12. d5 Ng4 13. h3 Ne5 14. Nd2 g5 15. Rd1 Qd6 16. Nf1 f5 17. Ne3 f4 18. Nf5 Bxf5 19. exf5 b6 20. g4 h5 21. gxh5 f3 22. Bf1 Qh6 23. h4 Qxh5 24. Bxg5 Qg4+ 25. Kh2 Nf7 26. f6 Nxg5 27. hxg5 Qf4+ 28. Kh3 Kf7 29. Bd3 Rh8+ 30. Bh7 Rxh7+ 31. Qxh7 Rh8 32. g6+ Kxf6 33. Rg1 Qf5+ 34. Kg3 Rxh7 35. gxh7 Qxh7 0-1

[Event "Oberliga Ost-B 1516"]
[Site "Germany"]
[Date "2015.11.15"]
[Round "4.7"]
[White "Sieber, Stephan"]
[Black "Serbu, Eli"]
[Result "1/2-1/2"]
[WhiteElo "2203"]
[BlackElo "2121"]
[PlyCount "143"]
[EventDate "2015.09.20"]
[EventType "team-tourn"]
[EventRounds "11"]
[EventCountry "GER"]
[SourceTitle "EXT 2017"]
[Source "ChessBase"]
[SourceDate "2016.10.25"]
[SourceVersion "1"]
[SourceVersionDate "2016.10.25"]
[SourceQuality "1"]
[WhiteTeam "Erfurt Empor"]
[BlackTeam "Wiesbaden"]
[WhiteTeamCountry "GER"]
[BlackTeamCountry "GER"]

1. e4 c5 2. Nf3 e6 3. d4 cxd4 4. Nxd4 Nc6 5. Nc3 Qc7 6. Be3 Nf6 7. a3 a6 8. Be2 Be7 9. 0-0 d6 10. f4 Bd7 11. Qe1 h5 12. h3 Na5 13. Rd1 Rc8 14. Kh1 b5 15. Bc1 Nc4 16. Bxc4 Qxc4 17. e5 Nh7 18. exd6 Bxd6 19. Nxe6 Bxe6 20. Rxd6 0-0 21. f5 Qc7 22. Qd1 Rcd8 23. Rxd8 Rxd8 24. Qxh5 Bc4 25. Re1 Qg3 26. Re3 Qf2 27. Qf3 Qxc2 28. Re1 Bd3 29. Nd5 Qc4 30. Nb4 Nf6 31. Rd1 Ne4 32. Kh2 Nc5 33. Be3 a5 34. Bxc5 axb4 35. Bxb4 Rd5 36. Qg3 Bxf5 37. Bc3 Bg6 38. Qb8+ Kh7 39. Re1 f6 40. Re7 Rf5 41. Bd2 Qd5 42. Bf4 Qg8 43. Qc7 Rd5 44. Qb7 Rf5 45. Be3 Qf8 46. Kg1 Rh5 47. Bd4 Rf5 48. Rd7 Qg8 49. Qc7 Be8 50. Re7 Bg6 51. Qd7 Qf8 52. b3 Rf4 53. Be3 Rf5 54. a4 bxa4 55. bxa4 Ra5 56. Bb6 Rxa4 57. Rxg7+ Qxg7 58. Qxa4 Qe7 59. Qh4+ Kg7 60. Bd4 Qd6 61. Be3 Qd1+ 62. Kh2 Qh5 63. Qf4 Bf7 64. Bd4 Qg6 65. g4 Qc2+ 66. Kg3 Qd3+ 67. Be3 Qc3 68. Qh6+ Kg8 69. h4 Qe1+ 70. Kf4 Qf1+ 71. Ke4 Qg2+ 72. Kf4 1/2-1/2

[Event "Maastricht Limburg op-A 9th"]
[Site "Maastricht"]
[Date "2015.05.25"]
[Round "6"]
[White "Serbu, Eli"]
[Black "Bauer, Christian"]
[Result "0-1"]
[WhiteElo "2102"]
[BlackElo "2624"]
[PlyCount "54"]
[EventDate "2015.05.22"]
[EventType "swiss"]
[EventRounds "7"]
[EventCountry "NED"]
[SourceTitle "CBM 166 Extra"]
[Source "ChessBase"]
[SourceDate "2015.06.18"]
[SourceVersion "1"]
[SourceVersionDate "2015.06.18"]
[SourceQuality "1"]

1. e4 e6 2. d4 d5 3. Nd2 Nc6 4. Ngf3 Nf6 5. e5 Nd7 6. Bd3 f6 7. Ng5 Ndxe5 8. dxe5 fxg5 9. Qh5+ g6 10. Bxg6+ Kd7 11. Bd3 Nxe5 12. Be2 Qf6 13. Nb3 Be7 14. 0-0 Ng6 15. c4 c6 16. g3 Rg8 17. Bd2 Kc7 18. Bc3 e5 19. cxd5 cxd5 20. Bf3 Be6 21. Rac1 Kb8 22. Ba5 b6 23. Rc6 bxa5 24. Nxa5 Qf5 25. Bg2 g4 26. Qh6 Bg5 27. Qh5 Ne7 0-1

[Event "Wiesbaden op 26th"]
[Site "Wiesbaden"]
[Date "2014.08.30"]
[Round "4"]
[White "Serbu, Eli"]
[Black "Weiland, Thomas"]
[Result "0-1"]
[WhiteElo "2150"]
[BlackElo "1889"]
[PlyCount "62"]
[EventDate "2014.08.28"]
[EventType "swiss"]
[EventRounds "7"]
[EventCountry "GER"]
[SourceTitle "CBM 162 Extra"]
[Source "ChessBase"]
[SourceDate "2014.10.17"]
[SourceVersion "1"]
[SourceVersionDate "2014.10.17"]
[SourceQuality "1"]

1. e4 d5 2. exd5 Nf6 3. d4 Nxd5 4. c4 Nb6 5. Nf3 Bg4 6. c5 Bxf3 7. Qxf3 Nd5 8. Bc4 c6 9. Nc3 e6 10. 0-0 Be7 11. Nxd5 exd5 12. Bd3 0-0 13. Bf4 Nd7 14. b4 Re8 15. b5 Bf6 16. bxc6 bxc6 17. Be3 Nf8 18. Rab1 Ne6 19. Rb7 Re7 20. Rfb1 Nxd4 21. Bxd4 Bxd4 22. Bxh7+ Kxh7 23. Qf4 Bxc5 24. R7b3 Kg8 25. h4 Bd6 26. Qg4 Qe8 27. Kf1 Rb8 28. Qf3 Rxb3 29. Qxb3 Qc8 30. Qf3 Qa6+ 31. Kg1 Qxa2 0-1

[Event "Wiesbaden op 26th"]
[Site "Wiesbaden"]
[Date "2014.08.30"]
[Round "5"]
[White "Traut, Stefan"]
[Black "Serbu, Eli"]
[Result "0-1"]
[WhiteElo "1759"]
[BlackElo "2150"]
[PlyCount "142"]
[EventDate "2014.08.28"]
[EventType "swiss"]
[EventRounds "7"]
[EventCountry "GER"]
[SourceTitle "CBM 162 Extra"]
[Source "ChessBase"]
[SourceDate "2014.10.17"]
[SourceVersion "1"]
[SourceVersionDate "2014.10.17"]
[SourceQuality "1"]

1. d4 Nf6 2. Nf3 g6 3. c4 Bg7 4. Nc3 d5 5. cxd5 Nxd5 6. e4 Nxc3 7. bxc3 c5 8. Rb1 0-0 9. Be2 Nd7 10. 0-0 Nf6 11. Bd3 cxd4 12. cxd4 b6 13. Qe2 Bg4 14. Be3 Ne8 15. d5 Qd6 16. h3 Bd7 17. Rfc1 e6 18. dxe6 Bxe6 19. Bc4 Nc7 20. Rd1 Qc6 21. Bxe6 Nxe6 22. e5 Qe4 23. Qd3 Qxd3 24. Rxd3 Rfd8 25. Rbd1 Kf8 26. Kf1 Ke8 27. Ke2 Rxd3 28. Rxd3 Rc8 29. Rd2 Rc4 30. Bd4 Nf4+ 31. Ke3 Nxg2+ 32. Kd3 Rc1 33. Bb2 Ne1+ 34. Nxe1 Rxe1 35. f4 Rh1 36. Ke4 Bf8 37. Rd3 Bc5 38. Kd5 Rf1 39. Ke4 Ke7 40. Bd4 Bb4 41. Bc3 Rb1 42. Bxb4+ Rxb4+ 43. Kf3 Ra4 44. a3 Rc4 45. Kg4 h6 46. h4 b5 47. Rf3 Rc1 48. Rd3 Rg1+ 49. Kf3 Ra1 50. Rc3 Kd7 51. Ke4 Rd1 52. Rh3 h5 53. Rc3 a6 54. Kf3 Rd4 55. Ke3 Ra4 56. Kf3 a5 57. Ke3 b4 58. axb4 Rxb4 59. Rd3+ Ke7 60. Rd6 Rb3+ 61. Ke4 Rh3 62. Ra6 Rxh4 63. Rxa5 Rh1 64. Ra7+ Kf8 65. Ra8+ Kg7 66. Ra7 Rf1 67. Kd5 Rxf4 68. e6 Rf6 69. e7 Re6 70. Rd7 Kf6 71. Rd6 Kxe7 0-1

[Event "Wiesbaden op 26th"]
[Site "Wiesbaden"]
[Date "2014.08.29"]
[Round "2"]
[White "Serbu, Eli"]
[Black "Bajorski, Marius"]
[Result "1-0"]
[WhiteElo "2150"]
[BlackElo "1807"]
[PlyCount "95"]
[EventDate "2014.08.28"]
[EventType "swiss"]
[EventRounds "7"]
[EventCountry "GER"]
[SourceTitle "CBM 162 Extra"]
[Source "ChessBase"]
[SourceDate "2014.10.17"]
[SourceVersion "1"]
[SourceVersionDate "2014.10.17"]
[SourceQuality "1"]

1. e4 e5 2. Nf3 Nc6 3. Bb5 a6 4. Bxc6 dxc6 5. d4 exd4 6. Qxd4 Qxd4 7. Nxd4 Nf6 8. 0-0 c5 9. Nb3 Be6 10. Nc3 Be7 11. Be3 b6 12. h3 Nd7 13. f4 0-0-0 14. Rfd1 f6 15. Nd5 Bxd5 16. Rxd5 c6 17. Rd2 g5 18. Rf1 c4 19. Nd4 Bc5 20. fxg5 fxg5 21. Bxg5 Rde8 22. Re1 Rhg8 23. Bh4 Ne5 24. Kh1 Ng6 25. Bg3 Rd8 26. Nf3 Rxd2 27. Nxd2 b5 28. Kh2 Bd4 29. b3 Bc3 30. Re2 Bxd2 31. Rxd2 cxb3 32. cxb3 Rd8 33. Rxd8+ Kxd8 34. Kg1 c5 35. Kf2 a5 36. Bd6 c4 37. bxc4 Kd7 38. c5 b4 39. Ke3 a4 40. Kd3 b3 41. axb3 a3 42. Kc2 Nh4 43. b4 Nxg2 44. Kb3 Ne3 45. Kxa3 Nc4+ 46. Ka4 Nxd6 47. cxd6 Kxd6 48. Ka5 1-0

[Event "BL2-West 1314"]
[Site "Germany"]
[Date "2014.02.23"]
[Round "7.6"]
[White "Roeder, Mathias"]
[Black "Serbu, Eli"]
[Result "1-0"]
[WhiteElo "2419"]
[BlackElo "2166"]
[PlyCount "145"]
[EventDate "2013.10.13"]
[EventType "team-tourn"]
[EventRounds "9"]
[EventCountry "GER"]
[SourceTitle "EXT 2015"]
[Source "ChessBase"]
[SourceDate "2014.11.20"]
[SourceVersion "1"]
[SourceVersionDate "2014.11.20"]
[SourceQuality "1"]
[WhiteTeam "Aachen Aufwaerts"]
[BlackTeam "Wiesbaden"]
[WhiteTeamCountry "GER"]
[BlackTeamCountry "GER"]

1. Nf3 c5 2. c4 Nc6 3. d4 cxd4 4. Nxd4 Nf6 5. Nc3 a6 6. e4 d6 7. Be2 e6 8. 0-0 Be7 9. Be3 0-0 10. Rc1 Bd7 11. Nb3 Rc8 12. f4 Na5 13. Nd2 Nc6 14. Kh1 Be8 15. Bg1 Nd7 16. a3 Kh8 17. b4 Bf6 18. Nb3 Qc7 19. Qd2 Qb8 20. Rfd1 Be7 21. Na4 Na7 22. Qe3 Nc6 23. g3 Nf6 24. Nb6 Rd8 25. Bf3 Na7 26. Na5 Nc6 27. Nb3 Na7 28. a4 Nc8 29. b5 Nxb6 30. Qxb6 Nd7 31. Qe3 b6 32. bxa6 Qc8 33. a7 Qa6 34. Nd4 Nc5 35. Nb5 Bxb5 36. axb5 Qxa7 37. Ra1 Qc7 38. Ra3 Rb8 39. Rda1 Rfc8 40. e5 Qd8 41. Rd1 Qf8 42. Ra7 Rd8 43. exd6 Rxd6 44. Rxd6 Bxd6 45. f5 exf5 46. Qg5 f4 47. gxf4 f6 48. Qf5 Qc8 49. Qxc8+ Rxc8 50. f5 Re8 51. Bc6 Rd8 52. Bd5 Re8 53. Kg2 Rd8 54. Kf3 Re8 55. h3 Bf8 56. Bd4 Bd6 57. h4 Rd8 58. h5 h6 59. Be3 Re8 60. Bd4 Rd8 61. Bf2 Re8 62. Bg3 Bxg3 63. Kxg3 Kh7 64. Rc7 Rb8 65. Kf3 Re8 66. Rc6 Rb8 67. Ke3 Nd7 68. Kd4 Nc5 69. Rxc5 bxc5+ 70. Kxc5 g5 71. hxg6+ Kg7 72. b6 h5 73. b7 1-0

[Event "Wiesbaden op 25th"]
[Site "Wiesbaden"]
[Date "2013.08.24"]
[Round "5"]
[White "Willems, Matthias"]
[Black "Serbu, Eli"]
[Result "0-1"]
[WhiteElo "2042"]
[BlackElo "2166"]
[PlyCount "112"]
[EventDate "2013.08.22"]
[EventType "swiss"]
[EventRounds "7"]
[EventCountry "GER"]
[SourceTitle "CBM 156 Extra"]
[Source "ChessBase"]
[SourceDate "2013.10.22"]
[SourceVersion "1"]
[SourceVersionDate "2013.10.22"]
[SourceQuality "1"]

1. Nf3 Nf6 2. c4 g6 3. g3 Bg7 4. Bg2 0-0 5. 0-0 d5 6. cxd5 Qxd5 7. Nc3 Qh5 8. Qb3 Nbd7 9. d4 Nb6 10. Qb5 Qxb5 11. Nxb5 Nbd5 12. Nc3 Rd8 13. a3 c6 14. h3 h6 15. Ne5 Nb6 16. Rd1 Be6 17. e4 Rac8 18. Be3 Nc4 19. Nxc4 Bxc4 20. d5 cxd5 21. Bxa7 Nxe4 22. Nxe4 dxe4 23. Rxd8+ Rxd8 24. Bxe4 Bxb2 25. Rb1 Bxa3 26. Rxb7 Bd5 27. Bxd5 Rxd5 28. Kg2 Kg7 29. h4 h5 30. Be3 Bd6 31. Bg5 f6 32. Be3 Kf7 33. Ra7 Rb5 34. Ra6 Rb4 35. Ra5 Ke6 36. Bc5 Bxc5 37. Rxc5 Re4 38. Ra5 Re5 39. Ra8 Kf5 40. Rh8 Re4 41. Ra8 e5 42. Ra7 Re2 43. Ra5 Rd2 44. Rb5 Rd4 45. Rb6 g5 46. hxg5 Kxg5 47. Rb8 h4 48. gxh4+ Rxh4 49. Rb3 Rc4 50. Re3 Rd4 51. Rc3 f5 52. Re3 e4 53. Rg3+ Kf4 54. Rg8 Rd2 55. Re8 Re2 56. Rh8 e3 0-1

[Event "Mittelrhein-chT 1112"]
[Site "Germany"]
[Date "2012.05.06"]
[Round "12.2"]
[White "Stanetzek, Carsten"]
[Black "Serbu, Eli"]
[Result "1/2-1/2"]
[WhiteElo "2140"]
[BlackElo "2118"]
[PlyCount "24"]
[EventDate "2011.09.11"]
[EventType "team-tourn"]
[EventRounds "13"]
[EventCountry "GER"]
[SourceTitle "EXT 2013"]
[Source "ChessBase"]
[SourceDate "2012.11.22"]
[SourceVersion "1"]
[SourceVersionDate "2012.11.22"]
[SourceQuality "1"]
[WhiteTeam "Niederkassel"]
[BlackTeam "Aachen Hoern"]
[WhiteTeamCountry "GER"]
[BlackTeamCountry "GER"]

1. e4 c5 2. Nf3 Nc6 3. Bb5 Na5 4. 0-0 a6 5. Be2 d6 6. Re1 Nf6 7. Nc3 g6 8. e5 dxe5 9. Nxe5 Bg7 10. Bf3 0-0 11. d3 Be6 12. Bd2 Rc8 1/2-1/2

[Event "Mittelrhein-chT 1112"]
[Site "Germany"]
[Date "2012.02.26"]
[Round "9.2"]
[White "Serbu, Eli"]
[Black "Hoefer, Axel"]
[Result "1-0"]
[WhiteElo "2118"]
[BlackElo "2012"]
[PlyCount "69"]
[EventDate "2011.09.11"]
[EventType "team-tourn"]
[EventRounds "13"]
[EventCountry "GER"]
[SourceTitle "EXT 2013"]
[Source "ChessBase"]
[SourceDate "2012.11.22"]
[SourceVersion "1"]
[SourceVersionDate "2012.11.22"]
[SourceQuality "1"]
[WhiteTeam "Aachen Hoern"]
[BlackTeam "Koeln Muelheim"]
[WhiteTeamCountry "GER"]
[BlackTeamCountry "GER"]

1. e4 e6 2. d4 d5 3. Nd2 Nf6 4. e5 Nfd7 5. Qg4 c5 6. c3 Nc6 7. Bd3 cxd4 8. cxd4 f5 9. Qf4 Be7 10. h4 Nf8 11. Ndf3 Bd7 12. a3 Na5 13. Ne2 Rc8 14. Qg3 Rg8 15. 0-0 Nb3 16. Rb1 Nxc1 17. Rbxc1 h6 18. h5 g5 19. hxg6 Nxg6 20. Qh3 Bg5 21. Rxc8 Bxc8 22. g3 Kf7 23. Kg2 Bd7 24. Qh5 Be8 25. Ne1 Kg7 26. Qf3 h5 27. Rh1 Rh8 28. Kf1 h4 29. g4 fxg4 30. Qxg4 Rh6 31. Nf3 Be7 32. Nf4 Bf7 33. Bxg6 Rxg6 34. Qxg6+ Bxg6 35. Nxe6+ 1-0